[Event "Nezhmetdinov Memorial 40th"]
[Site "Kazan"]
[Date "2018.09.15"]
[Round "3"]
[White "Lazarev, Artem"]
[Black "Vorobiev, Sergey"]
[Result "1-0"]
[WhiteElo "1671"]
[BlackElo "2092"]
[PlyCount "103"]
[EventDate "2018.09.13"]
[EventType "swiss"]
[EventRounds "9"]
[EventCountry "RUS"]
[SourceTitle "CBM 186 Extra"]
[Source "ChessBase"]
[SourceDate "2018.08.24"]
[SourceVersion "1"]
[SourceVersionDate "2018.08.24"]
[SourceQuality "1"]

1. e4 e5 2. Nf3 Nc6 3. Bb5 a6 4. Ba4 Nf6 5. 0-0 b5 6. Bb3 Be7 7. Re1 d6 8. c3 0-0 9. h3 Na5 10. Bc2 c5 11. d4 Qc7 12. d5 c4 13. Nbd2 Nb7 14. Nf1 Nc5 15. g4 g6 16. Ng3 a5 17. Kh2 b4 18. Bh6 Rd8 19. Qd2 bxc3 20. bxc3 Kh8 21. Ng5 Bf8 22. Bxf8 Rxf8 23. f4 Kg7 24. fxe5 dxe5 25. Rf1 Ra6 26. Rad1 Nd3 27. Bxd3 cxd3 28. Qxd3 Rd6 29. Qd2 Ba6 30. Rfe1 Nd7 31. Rc1 Qc4 32. Nf1 Nc5 33. Ne3 Qa4 34. c4 f6 35. Nf3 Nxe4 36. Qe2 Re8 37. g5 Nc5 38. gxf6+ Rxf6 39. Ng4 Rf5 40. Nd4 Rff8 41. Ne6+ Rxe6 42. dxe6 Rf5 43. Nxe5 Qe8 44. Ng4 Qb8+ 45. Kg1 h5 46. e7 Bb7 47. Qh2 Qe8 48. Qb2+ Kh7 49. Nf6+ Rxf6 50. Qxf6 Nd3 51. Rf1 Nxc1 52. Qf7+ 1-0

[Event "Nezhmetdinov Memorial 39th"]
[Site "Kazan"]
[Date "2017.06.07"]
[Round "8"]
[White "Vorobiev, Sergey"]
[Black "Pogorelskikh, Sergey"]
[Result "0-1"]
[WhiteElo "2031"]
[BlackElo "2233"]
[PlyCount "100"]
[EventDate "2017.05.31"]
[EventType "swiss"]
[EventRounds "9"]
[EventCountry "RUS"]
[SourceTitle "EXT 2018"]
[Source "ChessBase"]
[SourceDate "2017.10.13"]
[SourceVersion "1"]
[SourceVersionDate "2017.10.13"]
[SourceQuality "1"]

1. d4 Nf6 2. Bf4 g6 3. e3 Bg7 4. Nf3 0-0 5. h3 d6 6. Nbd2 c5 7. c3 Nc6 8. Be2 cxd4 9. exd4 e5 10. dxe5 dxe5 11. Nxe5 Re8 12. Nxc6 bxc6 13. 0-0 Nd5 14. Bg3 Bxc3 15. Nf3 Bxb2 16. Bc4 Qf6 17. Bxd5 cxd5 18. Rb1 Bf5 19. Rxb2 Qxb2 20. Qxd5 Be6 21. Qg5 Bxa2 22. Be5 Rxe5 23. Nxe5 Be6 24. h4 Qc2 25. Re1 a5 26. Nf3 a4 27. Qe7 a3 28. Rxe6 a2 29. Re1 a1Q 30. Rxa1 Rxa1+ 31. Kh2 Ra8 32. Qe3 Qc7+ 33. g3 Qc6 34. h5 Ra5 35. hxg6 Rh5+ 36. Kg2 hxg6 37. g4 Rc5 38. Qf4 g5 39. Qb8+ Kg7 40. Qb2+ Rc3 41. Qe2 Kg6 42. Qd1 f6 43. Qb1+ Kg7 44. Qf5 Rc4 45. Kg3 Qc7+ 46. Kh3 Rf4 47. Qd3 Qc8 48. Nh2 Rxf2 49. Kg3 Rc2 50. Nf3 Rc4 0-1

[Event "Tatarstan-ch"]
[Site "Kazan"]
[Date "2016.09.22"]
[Round "7"]
[White "Gabitov, Bulat"]
[Black "Vorobiev, Sergey"]
[Result "1-0"]
[WhiteElo "1728"]
[BlackElo "2036"]
[PlyCount "87"]
[EventDate "2016.09.16"]
[EventType "swiss"]
[EventRounds "9"]
[EventCountry "RUS"]
[SourceTitle "CBM 174 Extra"]
[Source "ChessBase"]
[SourceDate "2016.10.10"]
[SourceVersion "1"]
[SourceVersionDate "2016.10.10"]
[SourceQuality "1"]

1. d4 e6 2. c4 f5 3. Nf3 Nf6 4. g3 Be7 5. Bg2 d6 6. Nc3 0-0 7. 0-0 a5 8. Qc2 Nc6 9. a3 e5 10. d5 Nb8 11. Ng5 c6 12. Ne6 Bxe6 13. dxe6 Ne8 14. Bh3 g6 15. Bh6 Ng7 16. e4 f4 17. Qd2 f3 18. Na4 Na6 19. Qe3 c5 20. Rfd1 Rf6 21. Bxg7 Kxg7 22. Qb3 Nc7 23. Nxc5 Rb8 24. Nd7 Nxe6 25. Nxf6 Nc5 26. Qxf3 Bxf6 27. b4 axb4 28. axb4 Na6 29. c5 Nxb4 30. Rxd6 Qf8 31. Rd7+ Kh6 32. Ra7 Nc6 33. Raxb7 Rxb7 34. Rxb7 Nd4 35. Qe3+ Bg5 36. Qa3 Be7 37. Qb2 Kg7 38. Qb6 Kh6 39. Qc7 Nf3+ 40. Kh1 Ng5 41. f4 Bxc5 42. fxg5+ Kxg5 43. Qxe5+ Kh6 44. Qf4+ 1-0

[Event "Tatarstan-ch"]
[Site "Kazan"]
[Date "2016.09.17"]
[Round "2"]
[White "Vorobiev, Sergey"]
[Black "Nizamov, Ildar"]
[Result "1/2-1/2"]
[WhiteElo "2036"]
[BlackElo "2302"]
[PlyCount "62"]
[EventDate "2016.09.16"]
[EventType "swiss"]
[EventRounds "9"]
[EventCountry "RUS"]
[SourceTitle "CBM 174 Extra"]
[Source "ChessBase"]
[SourceDate "2016.10.10"]
[SourceVersion "1"]
[SourceVersionDate "2016.10.10"]
[SourceQuality "1"]

1. d4 Nf6 2. Bf4 c5 3. e3 g6 4. c3 Bg7 5. Nf3 b6 6. Nbd2 0-0 7. h3 Bb7 8. Be2 d6 9. 0-0 a6 10. Qc2 Nc6 11. Rad1 Rc8 12. Qb1 cxd4 13. exd4 b5 14. Rfe1 Na5 15. Bd3 Re8 16. Ne4 Nd5 17. Bc1 b4 18. Neg5 e6 19. cxb4 Nxb4 20. Nxf7 Kxf7 21. Ng5+ Kg8 22. Bxg6 hxg6 23. Qxg6 Qd7 24. Qh7+ Kf8 25. Qg6 Nd5 26. Re4 Kg8 27. Qh7+ Kf8 28. Qg6 Kg8 29. Qh7+ Kf8 30. Qg6 Kg8 31. Qh7+ Kf8 1/2-1/2